000 00924cab a22002055a 4500
001 L140441
008 070924s2007 xxk f 000 0 eng d
035 _a(Sirsi) u140441
041 0 _aeng
110 2 _aDavis Langdon Mott Green Wall
_94650
245 0 0 _aCost model
_bdata centres
260 _c2007
490 0 _aBuilding Services Journal
_v29(9) September 2007, 73-76(4)
520 _aOutlines the principles of data centre design and examines the implications for the services costs. Looks at key design issues associated with electrical services, mechanical services, fire protection, security, and energy efficiency. The cost model is based on an 8 500m2 two storey co-location development, with all technical space fully fitted out up to and including the PDUs.
590 _aKA
651 4 _aUnited Kingdom
_y
690 _aBUILT ENVIRONMENT-BUILDING COSTS
690 _aBlock management
_96220
942 _n0
999 _c79274
_d79274